Personálny kontroling v podniku cestovného ruchu
Úlohy a úrovne personálneho kontrolingu. Základné nástroje personálneho kontrolingu. Charakter práce a produktivita práce v gastronomických a ubytovacích podnikoch. Produktivita práce v gastronomických a ubytovacích podnikoch.
Gespeichert in:
| 1. Verfasser: | |
|---|---|
| Format: | Buchkapitel |
| Sprache: | Slowakisch |
| Schlagworte: | |
| Tags: |
Keine Tags, Fügen Sie das erste Tag hinzu!
|
MARC
| LEADER | 00000nla a2200000 4500 | ||
|---|---|---|---|
| 001 | 0226452 | ||
| 005 | 20240502073725.9 | ||
| 041 | 0 | |a slo | |
| 044 | |a SK | ||
| 245 | 1 | 0 | |a Personálny kontroling v podniku cestovného ruchu |c Mária Pachingerová |
| 520 | |a Úlohy a úrovne personálneho kontrolingu. Základné nástroje personálneho kontrolingu. Charakter práce a produktivita práce v gastronomických a ubytovacích podnikoch. Produktivita práce v gastronomických a ubytovacích podnikoch. | ||
| 610 | 2 | 0 | |a manažment personálny |
| 610 | 2 | 0 | |a podnik ruchu cestovného |
| 610 | 2 | 0 | |a kontroling personálny |
| 610 | 2 | 0 | |a zariadenia ubytovacie |
| 610 | 2 | 0 | |a zariadenia stravovacie |
| 100 | 1 | |a Pachingerová, Mária | |